Obras Poéticas: Virgilio y Horacio

Salvato in:
Dettagli Bibliografici
Autore principale: Millares Carlo, Agustín (autor)
Natura: Libro
Lingua:spagnolo
Pubblicazione: Buenos Aires W.M.Jackson 1948
Serie:Clásicos Jackson, 4
Soggetti:
Tags: Aggiungi Tag
Nessun Tag, puoi essere il primo ad aggiungerne!!

MARC

LEADER 00000nam a2200000 a 4500
001 UCT5369
003 CL-VaPUC
008 961206e19480000AG |||||||||||||||||spa|d
082 0 4 |a 871  |b MIL  |2 21 
100 |a Millares Carlo, Agustín  |e autor  |9 576788 
245 1 0 |a Obras Poéticas: Virgilio y Horacio 
300 |a 379 p 
942 |c BK 
945 |d 19961206 00:00:00  |a nastorga 
260 |a Buenos Aires  |b W.M.Jackson  |c 1948 
600 0 7 |a VIRGILIO  |2 CL-VaPUC  |9 266332 
600 0 |a Horacio  |9 267078 
600 0 7 |a VIRGILIO MARON, PUBLIO  |2 CL-VaPUC  |9 266333 
650 7 |a POESIAS LATINAS  |2 CL-VaPUC  |9 374807 
583 |a last modification  |c 19961206 00:00:00  |k Rodrigo Vera 
490 0 |a Clásicos Jackson, 4 
999 |c 254314  |d 254312 
952 |0 0  |1 0  |4 0  |6 871_000000000000000_MIL_1948  |7 0  |8 A  |9 275908  |a BIBEDU  |b BIBEDU  |d 2019-11-19  |i 3258785  |l 2  |o 871 MIL 1948  |p 3258785  |r 2022-10-19  |s 2022-10-17  |w 2019-11-19  |y BK  |k LIT